Nhà sàn Thái

Giới thiệu nhà sàn dân tộc Thái với những nguyên vật liệu, kỹ thuật - thẩm mỹ kiến trúc điển hình, đồng thời cũng là nơi hội tụ các sinh hoạt văn hoá nhằm giúp con người tiếp cận nhiều hơn với xã hội và thế giới tự nhiên, nơi tr...

Popoln opis

Shranjeno v:
Bibliografske podrobnosti
Format: Knjiga
Jezik:Undetermined
Izdano: Hà Nội Hội nhà văn 2018
Teme:
Oznake: Označite
Brez oznak, prvi označite!
Thư viện lưu trữ: Trung tâm Học liệu Trường Đại học Cần Thơ
LEADER 01061nam a2200193Ia 4500
001 CTU_235893
008 210402s9999 xx 000 0 und d
082 |a 392.309597 
082 |b Nh100 
245 0 |a Nhà sàn Thái 
245 0 |c Hoàng Nam, Lê Ngọc Thắng (Biên khảo) 
260 |a Hà Nội 
260 |b Hội nhà văn 
260 |c 2018 
520 |a Giới thiệu nhà sàn dân tộc Thái với những nguyên vật liệu, kỹ thuật - thẩm mỹ kiến trúc điển hình, đồng thời cũng là nơi hội tụ các sinh hoạt văn hoá nhằm giúp con người tiếp cận nhiều hơn với xã hội và thế giới tự nhiên, nơi truyền thụ kiến thức lao động, giáo dục lao động, giáo dục thẩm mĩ... 
650 |a Phong tục tập quán,Manners and customs 
650 |z Việt Nam,Việt Nam,Vietnam,Vietnam 
910 |b nthai 
980 |a Trung tâm Học liệu Trường Đại học Cần Thơ